| 000 | 00413nam a2200157 4500 | ||
|---|---|---|---|
| 999 |
_c512349 _d512349 |
||
| 008 | 191119b ||||| |||| 00| 0 eng d | ||
| 100 |
_aBasu, Aparna _913502 |
||
| 245 | _aConstructive programme: A women's perspective | ||
| 260 | _bYojana | ||
| 300 | _a63, Oct, 2019: p.73-75. | ||
| 650 |
_aGandhi, M.K. _913503 |
||
| 650 |
_aSatyagraha _913504 |
||
| 773 | _aYojana | ||
| 906 | _aWomen | ||
| 942 |
_2ddc _cAR |
||